| 000 | 03545nmm a22004577a 4500 | ||
|---|---|---|---|
| 999 |
_c6596 _d6596 |
||
| 003 | OSt | ||
| 005 | 20260317124815.0 | ||
| 008 | 191018e xxu|||||o||d| 00| 0 spa d | ||
| 020 | _a9789507277658 | ||
| 040 | _cPJ | ||
| 245 | 1 | 0 |
_aRevista Laboral : _bsimulación y fraude / _cMario E. Ackerman director. |
| 260 |
_aSanta Fé : _bRubinzal Culzoni, _c2023. |
||
| 300 |
_a736 p. _c22 cm. |
||
| 310 | _asemestral | ||
| 362 | _aNo. 1 (2023) | ||
| 505 |
_tEl sujeto y la hipótesis fáctica real en la evasión de normas laborales imperativas reprochada por el artículo 14 de la lct / _rMario E. Ackerman. |
||
| 505 |
_tLa práctica del traspaso de personal dentro de grupos económicos / _r Diego Ledesma Iturbide. |
||
| 505 |
_tDistintos casos de sujetos múltiples en las relaciones individuales del trabajo - diferenciación entre intermediación, interposición y correlación empresaria. usos lícitos y fraudulentos / _rMiguel Ángel Maza. |
||
| 505 |
_tEl fraude en la tercerización o descentralización productiva propuestas de cambio. otras terapias a desarrollar por fuera de la solidaridad / _rHoracio Las Heras. |
||
| 505 |
_tEl fraude a la seguridad social mediante el pago de salarios en forma clandestina o bajo formas que simulan una naturaleza jurídica distinta / _rCarlos Pose. |
||
| 505 |
_tLa ocultación del contrato de trabajo mediante la apariencia del monotributo - simulación y fraude / _rMarco Romualdi. |
||
| 505 |
_t¿El derecho a la formación o la puerta hacia el fraude en la contratación? / _rr María Isabel Sforsini. |
||
| 505 |
_tAlgunos puntos de fuga hacia el fraude y la simulación / _rCésar Arese. |
||
| 505 |
_tEl fraude laboral en el derecho comparado / _r Mariana Kearney. |
||
| 505 |
_tLos contratados en la administración pública /
_r David Duarte. |
||
| 505 |
_tLa persistente exoneración de responsabilidad del estado en supuestos de subcontratación de servicios de su propia actividad - una respuesta jurídica controversial y una opción ética disvaliosa /
_r Diego M. Tosca. |
||
| 505 |
_tSimulación y fraude en sociedades comerciales en el ámbito de la economía de plataformas / _r Luis Anunziato y Gabriel Binstein. |
||
| 505 |
_tSimulación y fraude en el estatuto del personal de casas particulares / _r Diego Javier Tula. |
||
| 505 |
_tLos jubilados y el trabajo. la vulnerabilidad como sustrato del fraude / _r Jorge Oscar MorresI. |
||
| 505 |
_t¿subsiste el contrato de servicios, regulado en el código civil y comercial de la nación, ante el modelo legal del contrato de trabajo? / _rr Silvia E. Pinto Varela. |
||
| 505 |
_tRegulación normativa del fraude y la simulación en el código civil y comercial de la nación y su proyección en el derecho del trabajo / _r Carlos Javier Canelo. |
||
| 505 |
_tReflexiones acerca de las cooperativas de trabajo y la violación del orden público laboral / _rJorge Elías. |
||
| 505 |
_tFraude en la aplicación de regímenes estatutarios y convencionales /
_rGuillermo Gianibelli. |
||
| 505 |
_tCompetencia por conexidad en las demandas de simulación y/o fraude en el código procesal laboral de Mendoza / _rCarlos Albe to Livellara. |
||
| 505 |
_tSumarios y sistematización de fallos / _rDiego Guirado Colaborador: Enzo R. Cabrera. |
||
| 650 | 0 |
_91316 _aDERECHO LABORAL |
|
| 650 | 0 |
_96170 _aFRAUDE LABORAL |
|
| 700 |
_91423 _aAckermann, Mario Eduardo _edirector |
||
| 856 |
_uhttps://www.rubinzal.com.ar/revistas/revista-de-derecho-laboral/5/?menupc=1 _yRevista Derecho Laboral |
||
| 942 |
_2udc _cPP |
||